Loading...
Fine Arts - Classical Music | 3 | 6.67 | 67% | 0% | 0% |
Fine Arts - Other Fine Arts | 2 | 5.00 | 0% | 50% | 0% |
Fine Arts - Visual Fine Arts | 3 | 10.00 | 100% | 0% | 0% |
Geography/Current Events | 1 | 10.00 | 100% | 0% | 0% |
History - American History | 3 | 13.33 | 100% | 33% | 0% |
History - European History | 4 | 12.50 | 100% | 25% | 0% |
History - Other History | 2 | 10.00 | 100% | 0% | 0% |
History - World History | 2 | 15.00 | 100% | 50% | 0% |
Literature - American Literature | 1 | 10.00 | 100% | 0% | 0% |
Literature - British Literature | 1 | 10.00 | 100% | 0% | 0% |
Literature - European Literature | 5 | 8.00 | 80% | 0% | 0% |
Literature - World/Other Literature | 1 | 10.00 | 100% | 0% | 0% |
Mythology | 5 | 18.00 | 100% | 60% | 20% |
Other Academic | 3 | 16.67 | 100% | 67% | 0% |
Philosophy | 2 | 5.00 | 50% | 0% | 0% |
Pop Culture | 1 | 20.00 | 100% | 100% | 0% |
Religion | 2 | 10.00 | 50% | 50% | 0% |
Science - Biology | 3 | 16.67 | 100% | 67% | 0% |
Science - Chemistry | 2 | 20.00 | 100% | 100% | 0% |
Science - Other Science | 4 | 15.00 | 75% | 50% | 25% |
Science - Physics | 2 | 15.00 | 100% | 50% | 0% |